000 00821nam a2200253 i 4500
001 16280
003 ES-MaACL
005 20260507121455.0
007 t|
008 000823s1999 sp ||||1| spa d
020 _a84-8191-076-7
080 _a821.111-14"19"
100 1 _aAuden, W. H.
_923843
245 1 3 _aUn poema no escrito
_b: (dichtung und wahrheit) /
_cW. H. Auden ; nota previa y traducción de Javier Marías.
250 _a1ª ed., 1ª reimp.
260 _aValencia :
_bPre-Textos,
_c1999.
300 _a65 p. ;
_c22 cm.
490 1 _aColección La cruz del sur ;
_v256
500 _aTexto en inglés y traducción española.
700 _aMarías, Javier,
_d1951-2022
_9239206
830 0 _aColección La cruz del sur ;
_v256
_9178835
852 _aES-MaACL
_jL-23586
_bR.128835
999 _c16280
_d16280